| 000 -LEADER |
| fixed length control field |
01171nam a22002537a 4500 |
| 003 - CONTROL NUMBER IDENTIFIER |
| control field |
OSt |
| 005 - DATE AND TIME OF LATEST TRANSACTION |
| control field |
20250225094300.0 |
| 008 - FIXED-LENGTH DATA ELEMENTS--GENERAL INFORMATION |
| fixed length control field |
250225b ||||| |||| 00| 0 eng d |
| 040 ## - CATALOGING SOURCE |
| Transcribing agency |
KH8 |
| 082 ## - DEWEY DECIMAL CLASSIFICATION NUMBER |
| Classification number |
FIC CHA |
| 100 ## - MAIN ENTRY--PERSONAL NAME |
| Personal name |
Chase, Max, |
| Relator term |
author. |
| 245 ## - TITLE STATEMENT |
| Title |
Star Fighters: |
| Remainder of title |
Pirate Ambush / |
| Statement of responsibility, etc. |
Max Chase. |
| 260 ## - PUBLICATION, DISTRIBUTION, ETC. |
| Place of publication, distribution, etc. |
London ; |
| Name of publisher, distributor, etc. |
Bloomsbury Publishing , |
| Date of publication, distribution, etc. |
2012. |
| 300 ## - PHYSICAL DESCRIPTION |
| Extent |
113 pages : |
| Other physical details |
illustrations ; |
| Dimensions |
20 cm. |
| 490 ## - SERIES STATEMENT |
| Series statement |
Star Fighters |
| Volume/sequential designation |
book 7 |
| 520 ## - SUMMARY, ETC. |
| Summary, etc. |
Having returned from their last mission unscathed, Peri, Diesel and the crew finally earn their STAR FIGHTER badges. Now as fully fledged pilots they are given their first real mission. When the Intergalactic Force Space Station was destroyed by the Xions, a notorious space pirate, Jaxx, escaped. Their new mission is to capture and return Jaxx so that he can stand trial. But known space is vast and Peri and Diesel must use all their cunning to locate the wily pirate.<br/> |
| 650 ## - SUBJECT ADDED ENTRY--TOPICAL TERM |
| Topical term or geographic name entry element |
Fiction |
| Form subdivision |
fighter |
| 650 ## - SUBJECT ADDED ENTRY--TOPICAL TERM |
| Topical term or geographic name entry element |
Fiction |
| Form subdivision |
fantasy |
| 650 ## - SUBJECT ADDED ENTRY--TOPICAL TERM |
| Topical term or geographic name entry element |
Fiction |
| Form subdivision |
adventure |
| 650 ## - SUBJECT ADDED ENTRY--TOPICAL TERM |
| Topical term or geographic name entry element |
Fiction |
| Form subdivision |
fantasy adventure |
| 700 ## - ADDED ENTRY--PERSONAL NAME |
| Personal name |
Hadley, Sam, |
| Relator term |
illustrator. |
| 830 ## - SERIES ADDED ENTRY--UNIFORM TITLE |
| Uniform title |
Star Fighters |
| 942 ## - ADDED ENTRY ELEMENTS (KOHA) |
| Source of classification or shelving scheme |
|
| Koha item type |
Easy Reading |